02010cam a22003254a 4500999001700000001000900017003000900026005001700035008004100052020001800093040003300111082002100144100003400165245011000199250002000309264005700329300005500386336002600441337002800467338002700495504005100522505068000573650004601253653002201299655002401321906004501345942001201390952014701402952013501549  c29103d2907417129058EG-ScBUE20210426091613.0120120s2012    enka   f b    001 0 eng d  a9780273738732  aDLCbengerdacDLCdEG-ScBUE04a658.408bCAN2221 aCannon, Tom,cB. Sc.eauthor.10aCorporate responsibility :bgovernance, compliance and ethics in a sustainable environment /cTom Cannon.  aSecond edition. 1aHarlow, England :bPearson Education Limited,c2012.  axviii, 246 pages :bchiefly illustrations ;c25 cm  2rdacontentatextbtxt  2rdamediaaunmediatedbn  2rdacarrieravolumebnc  aIncludes bibliographical references and index.0 aBrief contents -- Preface -- Publisher's acknowledgements -- Corporate social responsibility : the emerging agenda -- The corporate and social/economic challenge -- Defining corporate social responsibility -- The role and function of business in society -- Business ethics -- Codes of behaviour -- The nature and evolution of corporate governance -- Standards, safety and security -- The greening of economies and corporations : the sustainability challenge -- Sustainability : the opportunities and challenges -- Managing a sustainable business -- Embedding csr practice -- The built environment -- Ways forward and conclusions -- Quiz: who said this? (by company) -- Index. 7aSocial responsibility of business.2BUEsh  bCOMAMEcApril2021  vReading book934232  a7bcbccorignewd1eecipf20gy-gencatlg  2ddccBB  00102ddc40708BaccahaMAINbMAINc1STd2021-04-26ePurchaseg580.00l0o658.408 CANp000050220r2025-07-15 00:00:00v729.00w2021-04-26yBB  00102ddc40708Donation-GaMAINbMAINc1STd2022-12-08eDonationl0o658.408 CANp000056616r2025-07-15 00:00:00w2022-12-08yBB